| 000 | 00487nam a2200169 a 4500 | ||
|---|---|---|---|
| 001 | 000028520 | ||
| 005 | 20200930055005.0 | ||
| 008 | 090625s2010 dr 000 0 spa d | ||
| 020 | _a9789945408447 | ||
| 040 |
_aDO-SdBNP _bspa _cBNPHU |
||
| 082 |
_axxxx _bH557b |
||
| 100 | 1 |
_aHernández, Jesús _95470 |
|
| 245 | 1 | 0 |
_aBiblioteca Antillense Salesiana (BAS) : _ben marcha / _cJesús Hernández. |
| 260 |
_aSanto Domingo : _bArgos :, _c2010. |
||
| 300 |
_a107 p. ; _c22 cm. |
||
| 049 | _aBNPD | ||
| 999 |
_c28012 _d28012 |
||